000
00346 a2200169 4500
001
49311
020
_a
8524909951
040
_c
Anchieta - Bela Vista
100
_a
Garcia, Edson Gabriel
240
1
0
_a
Amoreco
_l
por
245
1
0
_a
Amoreco
300
_a
69
362
0
_a
2004
440
1
_a
Cortez
650
4
_a
Literatura juvenil
942
_c
BK
999
_c
49311
_d
49311